00660nam a2200169Ia 4500008004100000020001800041041000800059082001600067100002200083245014000105250000600245260004900251300001600300650002500316999001900341952013000360210716s2011 xx 000 0 und d a9788181479976 aeng a005.41 NOET aNoergaard, Tammy. aEmbedded systems architecture: a comprehensive guide for engineers and programmers.bComprehensive guide for engineers and programmers. a2 aNew DelhibReed Elsevier India Pvt Ltdc2011 axv,653/2013 aEmbedded Programming c193978d193978 001040708MCAaAIMITbAIMITeKnowledge Worldg525.00l0o005.41 NOETpMCA13486r2025-07-21 00:00:00v393.75w2021-07-16yBK